Rivers of living water. (Record no. 13019)

000 -LEADER
fixed length control field 00522nam a2200181 a 4500
001 - CONTROL NUMBER
control field :::00010837$&:&@@
003 - CONTROL NUMBER IDENTIFIER
control field OkBaRHE
005 - DATE AND TIME OF LATEST TRANSACTION
control field 20000607103403.0
008 - FIXED-LENGTH DATA ELEMENTS--GENERAL INFORMATION
fixed length control field j 000 0 eng u
040 ## - CATALOGING SOURCE
Transcribing agency
100 1# - MAIN ENTRY--PERSONAL NAME
Personal name Paxson, Ruth.
245 10 - TITLE STATEMENT
Title Rivers of living water.
260 ## - PUBLICATION, DISTRIBUTION, ETC. (IMPRINT)
Place of publication, distribution, etc Chicago, IL., :
Name of publisher, distributor, etc Moody Press
Date of publication, distribution, etc nd
300 ## - PHYSICAL DESCRIPTION
Extent 124 p. ;
Dimensions 17 cm.
650 ## - SUBJECT ADDED ENTRY--TOPICAL TERM
Topical term or geographic name as entry element Christian Life
942 ## - ADDED ENTRY ELEMENTS (KOHA)
Source of classification or shelving scheme
Koha item type Books
Copies
Copy number Shelving location Full call number Date last seen Withdrawn status Lost status Source of classification or shelving scheme Not for loan Permanent Location Koha item type Damaged status Date acquired Price effective from Barcode
1General StacksBV 4501.2 .P382010-04-14    RHEMA Bible Training CollegeBooks 2010-04-142010-04-1410837